书目信息 |
| 题名: |
应用常微分方程
|
|
| 作者: | 刘秀湘 编 | |
| 分册: | ||
| 出版信息: | 北京 科学出版社 2019 |
|
| 页数: | 176页 | |
| 开本: | 24cm | |
| 丛书名: | ||
| 单 册: | ||
| 中图分类: | O175.1 | |
| 科图分类: | ||
| 主题词: | 常微分方程 | |
| 电子资源: | ||
| ISBN: | 978-7-03-060482-8 | |
| 000 | 01030nam0 2200253 450 | |
| 001 | 012001005343 | |
| 005 | 20131111164916.0 | |
| 010 | @a978-7-03-060482-8@dCNY48.00 | |
| 100 | @a20190508d2019 em y0chiy50 ea | |
| 101 | 0 | @achi |
| 102 | @aCN@b110000 | |
| 105 | @ay az 001yy | |
| 106 | @ar | |
| 200 | 1 | @a应用常微分方程@9ying yong chang wei fen fang cheng@f刘秀湘[等]编 |
| 210 | @a北京@c科学出版社@d2019 | |
| 215 | @a176页@d24cm | |
| 304 | @a编者还有:田艳玲、徐志庭、李宪高 | |
| 320 | @a有书目(第174页)和索引(第175-176页) | |
| 330 | @a本书分5章。第1章介绍常微分方程的建模案例和基本概念。第2章介绍几类重要一阶微分方程的初等积分法及几类可积的高阶微分方程的求解。第3章阐述常微分方程初值问题解的存在性、唯一性,以及解关于初值的连续依赖性和可微性。第4章研究常微分方程组解的基本理论和求解方法。第5章介绍常微分方程数值计算和数学软件求解方法,并给出建模应用案例。 | |
| 606 | 0 | @a常微分方程 |
| 690 | @aO175.1@v5 | |
| 701 | 0 | @a刘秀湘@9liu xiu xiang@4编 |
| 801 | 0 | @aCN@b江苏凤凰@c20191020 |
| 905 | @b1213243-6@dO175.1@e154@f4 | |
| 应用常微分方程/刘秀湘[等]编.-北京:科学出版社,2019 |
| 176页;24cm |
| ISBN 978-7-03-060482-8:CNY48.00 |
| 本书分5章。第1章介绍常微分方程的建模案例和基本概念。第2章介绍几类重要一阶微分方程的初等积分法及几类可积的高阶微分方程的求解。第3章阐述常微分方程初值问题解的存在性、唯一性,以及解关于初值的连续依赖性和可微性。第4章研究常微分方程组解的基本理论和求解方法。第5章介绍常微分方程数值计算和数学软件求解方法,并给出建模应用案例。 |
| ● |
| 相关链接 |
|
|
|
|
正题名:应用常微分方程
索取号:O175.1/154
 
预约/预借
| 序号 | 登录号 | 条形码 | 馆藏地/架位号 | 状态 | 备注 |
| 1 | 1213243 | 212132431 | 第二样本阅览室/ [索取号:O175.1/154] | 在馆 | |
| 2 | 1213244 | 212132440 | 第三借阅区/ [索取号:O175.1/154] | 在馆 | |
| 3 | 1213245 | 212132459 | 第三借阅区/ [索取号:O175.1/154] | 在馆 | |
| 4 | 1213246 | 212132468 | 第三借阅区/ [索取号:O175.1/154] | 在馆 |